<?xml version="1.0" encoding="UTF-8"?>
<marc:record xmlns:marc="http://www.loc.gov/MARC21/slim">
   <marc:leader>00000nam a2200000 a 4500</marc:leader>
   <marc:datafield ind1=" " ind2=" " tag="653">
      <marc:subfield code="a">Pandabär</marc:subfield>
   </marc:datafield>
   <marc:datafield ind1=" " ind2=" " tag="653">
      <marc:subfield code="a">Zeichentrickfilm</marc:subfield>
   </marc:datafield>
   <marc:datafield ind1=" " ind2=" " tag="653">
      <marc:subfield code="a">Kung Fu</marc:subfield>
   </marc:datafield>
   <marc:datafield ind1=" " ind2=" " tag="653">
      <marc:subfield code="a">Film</marc:subfield>
   </marc:datafield>
   <marc:datafield ind1="0" ind2="0" tag="245">
      <marc:subfield code="a">Kung Fu Panda</marc:subfield>
   </marc:datafield>
   <marc:datafield ind1=" " ind2="1" tag="264">
      <marc:subfield code="a">Unterföhring</marc:subfield>
      <marc:subfield code="b">DreamWorks</marc:subfield>
      <marc:subfield code="c">2008</marc:subfield>
   </marc:datafield>
   <marc:datafield ind1="1" ind2=" " tag="520">
      <marc:subfield code="a">Ein pummeliger Panda im alten China begeistert sich für Kung Fu und wird trotz seiner gefräßig-gemütlichen Art zum neuen "Drachenkrieger" ernannt, der sein Dorf vor einem fiesen Schneeleoparden schützen soll. Mit Verweisen auf einschlägige Martial-Arts-Filme gespickter Animationsfamilienfilm, der die alte Mär vom Außenseiter, der Freunde gewinnt und über sich hiansuwächst, mit viel Humor und dynamischen (Digital)Bildern entwickelt, ohne sich freilich zu Originalität und Eigenständigkeit aufzuschwingen.</marc:subfield>
   </marc:datafield>
   <marc:datafield ind1=" " ind2=" " tag="020">
      <marc:subfield code="a">4047552500264</marc:subfield>
      <marc:subfield code="9">4047552500264</marc:subfield>
   </marc:datafield>
   <marc:datafield ind1="3" ind2=" " tag="024">
      <marc:subfield code="a">4047552000375</marc:subfield>
   </marc:datafield>
   <marc:datafield ind1=" " ind2=" " tag="500">
      <marc:subfield code="a">Film: USA 2008. Sprachen: Dt., Engl., Türk. : UT: Dt., Engl., Türk.</marc:subfield>
   </marc:datafield>
   <marc:datafield ind1="0" ind2=" " tag="490">
      <marc:subfield code="v">0</marc:subfield>
   </marc:datafield>
   <marc:datafield ind1=" " ind2=" " tag="300">
      <marc:subfield code="a">1 DVD (PAL, Ländercode 2, 88 Min.) : farbig, mit Ton</marc:subfield>
   </marc:datafield>
</marc:record>
